Statistics for Guess the City #1

Click here to take the quiz!

General Stats

  • This quiz has been taken 99 times
  • The average score is 29 of 34

Answer Stats

Answer% Correct
A
97%
A
97%
A
97%
A
97%
A
97%
A
97%
A
97%
A
97%
O
95%
O
95%
E
91%
I
89%
I
89%
I
89%
I
89%
N
89%
N
88%
P
87%
T
87%
T
87%
M
85%
M
85%
M
85%
M
85%
L
83%
U
77%
H
76%
C
75%
C
75%
G
72%
K
71%
V
69%
Y
65%
X
52%

Score Distribution

Percentile by Number Answered

Percent of People with Each Score

Your Score History

You have not taken this quiz